000 00636nam a2200229 a 4500
005 20140310183456.0
008 091110s19uu xx 00 eng d
020 _a139789814253420
050 _aG 155
_b.M269 2009
100 _aMancini, Marc
245 0 _aSelling destinations :
_bgeography for the travel professional /
_cMarc Mancini.
260 _aAustralia :
_bCENGAGE Learning,
_c2009.
300 _a543 p. :
_bill. ;
_c26 cm.
521 _aTOU
650 _aSelling destinations.
650 _aTravelling.
651 _aGeography.
942 _cBK
_2lcc
_kFOR
999 _c23638
_d23638